000 00363nam a2200133Ia 4500
008 100328s9999 xx 000 0 und d
082 _b59217
100 _aपोफळे राजेंद्र
245 _aब्रिफकेस.
260 _bआभा.
630 _aब्रिफकेस.
730 _aब्रिफकेस.
942 _cBOOK
999 _c545467
_d545464